01054 2200313 4500001002100000005001500021035002500036008004100061020002200102040001700124082001600141084001800157100002700175245019400202250001100396260003400407300004400441500002700485650004300512700003300555700001900588850001200607007000300619090002200622090002200644504003000666999002200696990002200718INLIS00000000001912220200707100823 a0010-041600000000126160411s2015 yoia gr ind d a978-979-21-4417-8 aYOPDYOGeind04222a425.071 a425.071 VER c0 aVeronica Triprihatmini00aCommon mistakes in speaking an writing = Memilih preposisi dan kata kerja yang tepat dalam bahasa Inggris /cVeronica Triprihatmini, Christina Lhaksmita Anandari; penyunting, Flora Maharani aCet. 13 aYogyakarta :bKanisius,c2015 aviii, 123 halaman :bilustrasi ;c19 cm aBibliografi : hlm. 125 4aBahasa Inggris--xStudi dan pengajaran0 aChristina Lhaksmita Anandari0 aFlora Maharani aYOPDYOGta aDEP 425.071 VER c aCB-D.11 2015-1585 aBibliografi : halaman 125 aCB-D.11/2015-1585 aCB-D.11/2015-1585